header

DFSMShsm Audit and Mainstar (Record no. 106533)

MARC details
000 -LEADER
fixed length control field 01450nam a2200361Ia 4500
082 04 - DEWEY DECIMAL CLASSIFICATION NUMBER
Classification number 005.8/6
245 00 - TITLE STATEMENT
Title DFSMShsm Audit and Mainstar
250 ## - EDITION STATEMENT
Edition statement 1st ed.
260 ## - PUBLICATION, DISTRIBUTION, ETC. (IMPRINT)
Place of publication [S.l.] :
Name of publisher IBM, International Technical Support Organization,
Year of publication 2003.
300 ## - PHYSICAL DESCRIPTION
Number of Pages xiv, 282 p. :
Other physical details ill.
490 1# - SERIES STATEMENT
Series statement IBM redbooks
500 ## - GENERAL NOTE
General note "May 2003."
General note "SG24-6425-00."
650 #0 - SUBJECT ADDED ENTRY--TOPICAL TERM
Topical Term Electronic data processing
Topical Term Data recovery (Computer science)
700 1# - ADDED ENTRY--PERSONAL NAME
Personal name Lovelace, Mary.
856 40 - ELECTRONIC LOCATION AND ACCESS
Uniform Resource Identifier http://site.ebrary.com/lib/rucke/Doc?id=10112395

No items available.

© 2026 Rongo University
Contact us: librarian | system librarian | Rongo university